British medical association : complete family health guide

Bibliographic Details
Other Authors: Smith, Tony (Editor)
Format: Book
Language:English
Published: London : A Dorling Kindersley Book 2000
Subjects:

MARC

LEADER 00000cam a2200000 7i4500
001 0000012543
005 20241021.0
008 240611 enka eng
020 |a 0751327220 (hardback) 
040 |a INS   |b eng   |e rda 
090 0 0 |a RRC81   |b .B75 2000 
245 0 0 |a British medical association :   |b complete family health guide   |c Medical editor Dr. Tony Smith 
264 1 |a London :   |b A Dorling Kindersley Book   |c 2000 
264 4 |c ©2000 
300 |a 1104 pages :   |b colour illustrations ;   |c 27 cm. 
336 |a text  |2 rdacontent 
337 |a unmediated  |2 rdamedia 
338 |a volume  |2 rdacarrier 
500 |a Includes index 
650 0 |a Health 
650 0 |a Medicine   |x Popular 
700 1 |a Smith, Tony ,   |e editor 
999 |a 0000013493   |b BOOK   |c Red Spot   |e Default branch